00227nam a2200097Ia 4500008004100000100001700041245003400058260001600092260000900108546001200117170619s9999 xx 000 0 und d aArora- Ashok 0aManagement Information System bExcel Books c2001 aENGLISH